[Event "17MCR_PFB"]
[Site "?"]
[Date "2003.??.??"]
[Round "?"]
[White "Lounek, Jan"]
[Black "Trcka, Vaclav"]
[Result "1-0"]
[WhiteElo "2320"]
[BlackElo "2125"]
[PlyCount "65"]
[EventDate "2003.??.??"]
[EventType "corr"]
[EventRounds "1"]
[SourceDate "2005.10.25"]

1. e4 c5 2. Nf3 Nc6 3. Bb5 g6 4. O-O Bg7 5. c3 Nf6 6. Re1 O-O 7. d4 cxd4 8.
cxd4 d5 9. e5 Ne4 10. Nc3 Nxc3 11. bxc3 Na5 12. Bg5 Bf5 13. Nh4 Bd7 14. Bd3 Rc8
15. Qc1 a6 16. Rb1 Rc6 17. Rb2 b5 18. Rc2 Nc4 19. Bh6 Qa5 20. Qg5 Na3 21. Bxg7
Kxg7 22. Rcc1 Qd8 23. Re3 Nc4 24. Rg3 Qe8 25. f4 Rg8 26. f5 f6 27. Qh5 g5 28.
Rxg5+ fxg5 29. f6+ Rxf6 30. exf6+ exf6 31. Qxh7+ Kf8 32. Rf1 Qf7 33. Ng6+ 1-0

[Event "17MCR_PFB"]
[Site "?"]
[Date "2003.??.??"]
[Round "?"]
[White "Svajdler, Frantisek"]
[Black "Chvojka, Jaroslav"]
[Result "0-1"]
[WhiteElo "2280"]
[BlackElo "2175"]
[PlyCount "50"]
[EventDate "2003.??.??"]
[EventType "corr"]
[EventRounds "1"]
[SourceDate "2005.10.25"]

1. e4 e5 2. Nf3 Nc6 3. Bb5 a6 4. Ba4 Nf6 5. O-O Be7 6. Re1 b5 7. Bb3 d6 8. c3
O-O 9. h3 Bb7 10. d4 Na5 11. Bc2 c5 12. d5 Qc7 13. b3 Bc8 14. Nbd2 Bd7 15. Nf1
Nb7 16. Ne3 Rfb8 17. c4 Bd8 18. Bd3 Qc8 19. Qc2 Nh5 20. Nf5 bxc4 21. bxc4 g6
22. Nh6+ Kg7 23. Nh2 Ba5 24. Rf1 f6 25. N2g4 Qe8 0-1

[Event "17MCR_PFB"]
[Site "?"]
[Date "2003.??.??"]
[Round "?"]
[White "Nejtek, Jiri"]
[Black "Valenta, Josef"]
[Result "1-0"]
[WhiteElo "2265"]
[BlackElo "2185"]
[PlyCount "57"]
[EventDate "2003.??.??"]
[EventType "corr"]
[EventRounds "1"]
[SourceDate "2005.10.25"]

1. e4 g6 2. d4 Bg7 3. Nc3 d6 4. f4 c6 5. Nf3 Bg4 6. Be3 Qb6 7. Qd2 Bxf3 8. gxf3
Nd7 9. O-O-O Qa5 10. Kb1 b5 11. f5 b4 12. Ne2 gxf5 13. Rg1 Bf8 14. Rg5 e6 15.
exf5 h6 16. Rg1 Qxf5 17. Qxb4 Qxf3 18. Rd3 Qf6 19. Qb7 Rb8 20. Qxc6 Qd8 21. d5
Ne7 22. Qa4 Nxd5 23. Rxd5 exd5 24. Bh3 Be7 25. Bd4 Rf8 26. Nf4 Qc8 27. Bf5 a6
28. Re1 Rb5 29. Bf6 1-0

[Event "17MCR_PFB"]
[Site "?"]
[Date "2003.??.??"]
[Round "?"]
[White "Bares, Jiri"]
[Black "Dundalek, Josef"]
[Result "1-0"]
[WhiteElo "2255"]
[BlackElo "2200"]
[PlyCount "111"]
[EventDate "2003.??.??"]
[EventType "corr"]
[EventRounds "1"]
[SourceDate "2005.10.25"]

1. d4 Nf6 2. c4 g6 3. Nc3 Bg7 4. e4 d6 5. f3 O-O 6. Be3 e5 7. d5 Nh5 8. Qd2 f5
9. exf5 gxf5 10. O-O-O Nd7 11. Bd3 Ndf6 12. Nge2 Kh8 13. Bg5 Qe8 14. Rhe1 Qf7
15. g3 c6 16. dxc6 bxc6 17. h3 e4 18. fxe4 fxe4 19. Bxe4 Nxe4 20. Nxe4 Qxc4+
21. N2c3 Bxh3 22. Nxd6 Qg4 23. Re7 Qxg3 24. Nf7+ Kg8 25. Nh6+ Bxh6 26. Bxh6
Rfe8 27. Rde1 Rxe7 28. Rxe7 Qg6 29. Nd5 Qg2 30. Qd3 Qf1+ 31. Qxf1 Bxf1 32. Nc7
Rc8 33. Ne6 a6 34. Nc5 Rd8 35. a4 Bc4 36. Re4 Bd5 37. Re5 Nf6 38. Rg5+ Kf7 39.
Rg7+ Ke8 40. Bg5 Rd6 41. Ra7 h5 42. Bf4 Rd8 43. Bc7 Rc8 44. Bd6 Ng8 45. Rxa6
Kf7 46. a5 h4 47. Rb6 Ra8 48. a6 Kg6 49. Rb8 Ra7 50. Rb7 Ra8 51. a7 Nf6 52. Na4
c5 53. Re7 Rd8 54. Bxc5 h3 55. Bg1 Ng4 56. b4 1-0

[Event "17MCR_PFB"]
[Site "?"]
[Date "2003.??.??"]
[Round "?"]
[White "Jerabek, Zdenek"]
[Black "Pecina, Pavel"]
[Result "1/2-1/2"]
[WhiteElo "2255"]
[BlackElo "2210"]
[PlyCount "61"]
[EventDate "2003.??.??"]
[EventType "corr"]
[EventRounds "1"]
[SourceDate "2005.10.25"]

1. e4 e5 2. Nf3 Nf6 3. Nxe5 d6 4. Nf3 Nxe4 5. d4 d5 6. Bd3 Be7 7. O-O Nc6 8.
Re1 Bg4 9. c4 Nf6 10. cxd5 Nxd5 11. Nc3 O-O 12. Nxd5 Qxd5 13. Be4 Qd6 14. Bxc6
bxc6 15. Re4 Be6 16. Bg5 Bxg5 17. Nxg5 Bd5 18. Re3 Qg6 19. Nf3 Rfe8 20. Qe2
Rxe3 21. fxe3 f6 22. b3 a5 23. Re1 a4 24. e4 Re8 25. bxa4 Rxe4 26. Qb2 Rxe1+
27. Nxe1 Qe4 28. Qb8+ Kf7 29. Qxc7+ Kf8 30. Qc8+ Kf7 31. Qc7+ 1/2-1/2

[Event "17MCR_PFB"]
[Site "?"]
[Date "2003.??.??"]
[Round "?"]
[White "Hladecek, Miloslav"]
[Black "Jirk, Ales"]
[Result "1/2-1/2"]
[WhiteElo "2240"]
[BlackElo "2210"]
[PlyCount "72"]
[EventDate "2003.??.??"]
[EventType "corr"]
[EventRounds "1"]
[SourceDate "2005.10.25"]

1. e4 e6 2. d4 d5 3. Nc3 Be7 4. e5 b6 5. Qg4 g6 6. Nf3 h5 7. Qf4 Nh6 8. Bd3 Ba6
9. Bxa6 Nxa6 10. a3 Nf5 11. Ne2 c5 12. O-O Rg8 13. dxc5 Nxc5 14. Qd2 Qc7 15.
Qc3 Rc8 16. Ned4 Nd7 17. Qd3 Qc4 18. Be3 Nxd4 19. Bxd4 Qxd3 20. cxd3 Nc5 21.
Rfc1 Kd7 22. Rc3 Na4 23. Rxc8 Rxc8 24. b4 g5 25. Kf1 g4 26. Ne1 f5 27. exf6 Bd6
28. h3 e5 29. Be3 Nc3 30. hxg4 hxg4 31. Bg5 Nb5 32. f3 Rg8 33. Bd2 Ke6 34. fxg4
Rxg4 35. Nc2 Kxf6 36. Kf2 Rh4 1/2-1/2

[Event "17MCR_PFB"]
[Site "?"]
[Date "2003.??.??"]
[Round "?"]
[White "Soudny, Jiri"]
[Black "Novotny, Petr"]
[Result "1-0"]
[WhiteElo "2240"]
[BlackElo "2220"]
[PlyCount "137"]
[EventDate "2003.??.??"]
[EventType "corr"]
[EventRounds "1"]
[SourceDate "2005.10.25"]

1. e4 e5 2. Nf3 Nc6 3. Bb5 a6 4. Ba4 Nf6 5. O-O Be7 6. Re1 b5 7. Bb3 d6 8. c3
O-O 9. h3 Na5 10. Bc2 c5 11. d4 Qc7 12. Nbd2 cxd4 13. cxd4 Nc6 14. Nb3 a5 15.
Be3 a4 16. Nbd2 Bd7 17. Rc1 Rac8 18. Bd3 Qb8 19. Qe2 Nb4 20. Bb1 Rc6 21. Nf1
Rfc8 22. Rc3 Rc4 23. Ng3 Nc6 24. Rd3 Nb4 25. Rd2 h6 26. a3 Nc6 27. Ba2 exd4 28.
Nxd4 Nxd4 29. Bxd4 Rc1 30. Rdd1 Rxd1 31. Rxd1 b4 32. e5 dxe5 33. Bxe5 Qb5 34.
Qxb5 Bxb5 35. Nf5 Bf8 36. axb4 Bxb4 37. Nxh6+ gxh6 38. Bxf6 Kf8 39. g4 Ba5 40.
Bb1 Rc6 41. Be5 Be2 42. Rd5 Bc7 43. Bxc7 Rxc7 44. Kg2 Rb7 45. Rd2 Bc4 46. Rd4
Be6 47. Rxa4 Rxb2 48. Be4 h5 49. gxh5 Kg7 50. Ra5 Kh6 51. Bd5 Bxd5+ 52. Rxd5
Rb6 53. Kg3 Rb1 54. f4 Rg1+ 55. Kh4 Rg2 56. Rd6+ Kh7 57. f5 Rg1 58. h6 Rh1 59.
Kg4 Rg1+ 60. Kh5 Ra1 61. Rd7 Kg8 62. h4 Ra6 63. Rd8+ Kh7 64. Kg5 Ra7 65. Kf6
Rb7 66. Re8 Rd7 67. Re7 Rd5 68. Rxf7+ Kxh6 69. Rc7 1-0

[Event "17MCR_PFB"]
[Site "?"]
[Date "2003.??.??"]
[Round "?"]
[White "Doudera, Lubomir"]
[Black "Kubelka, Martin"]
[Result "1/2-1/2"]
[WhiteElo "2235"]
[BlackElo "2225"]
[PlyCount "99"]
[EventDate "2003.??.??"]
[EventType "corr"]
[EventRounds "1"]
[SourceDate "2005.10.25"]

1. e4 c5 2. c3 d5 3. exd5 Qxd5 4. d4 e6 5. Nf3 Nf6 6. Be2 Nc6 7. O-O cxd4 8.
cxd4 Be7 9. Nc3 Qd6 10. Nb5 Qd8 11. Bf4 Nd5 12. Bg3 a6 13. Nc3 O-O 14. Rc1 Nf6
15. a3 b6 16. d5 exd5 17. Nxd5 Qxd5 18. Qxd5 Nxd5 19. Rxc6 Bb7 20. Rc2 Rac8 21.
Rfc1 Rxc2 22. Rxc2 Bf6 23. Ne5 Rd8 24. h3 g6 25. Bf3 Kg7 26. Nc6 Bxc6 27. Rxc6
Bd4 28. Bd6 Nf6 29. Kf1 Ne8 30. Bf4 Bxb2 31. Rxb6 Bxa3 32. Rxa6 Bd6 33. Be3 Be5
34. Ra5 Bc3 35. Ra3 Bb2 36. Ra7 Nf6 37. Rb7 Be5 38. Rb5 Bd4 39. Bf4 h6 40. Rb4
g5 41. Bh2 Kg6 42. Rc4 h5 43. Bc7 Rd7 44. Bd1 Kh6 45. Ba4 Rd5 46. Bc6 Rc5 47.
Rxc5 Bxc5 48. Ke2 g4 49. h4 Kg6 50. f3 1/2-1/2

[Event "17MCR_PFB"]
[Site "?"]
[Date "2003.??.??"]
[Round "?"]
[White "Novotny, Petr"]
[Black "Doudera, Lubomir"]
[Result "1-0"]
[WhiteElo "2220"]
[BlackElo "2235"]
[PlyCount "115"]
[EventDate "2003.??.??"]
[EventType "corr"]
[EventRounds "1"]
[SourceDate "2005.10.25"]

1. e4 d5 2. exd5 Qxd5 3. Nc3 Qa5 4. d4 Nf6 5. Nf3 Bg4 6. h3 Bh5 7. Bd2 e6 8.
Bc4 c6 9. Qe2 Qd8 10. g4 Bg6 11. O-O-O Be7 12. g5 Nd5 13. h4 Bh5 14. Ne4 b5 15.
Bd3 Qc7 16. Ng3 Nf4 17. Qe4 Nxd3+ 18. Qxd3 Bxf3 19. Qxf3 Qd8 20. Kb1 Qd5 21.
Ne4 Nd7 22. Qe2 Nb6 23. Bf4 Nd7 24. h5 O-O 25. Qe3 b4 26. g6 fxg6 27. hxg6 hxg6
28. Rhg1 Rf7 29. Bg5 Raf8 30. Bxe7 Rxe7 31. Rxg6 e5 32. Rgg1 Rff7 33. dxe5 Qxe5
34. f3 Nb6 35. Rd8+ Rf8 36. Qb3+ Nd5 37. Rxf8+ Kxf8 38. Qc4 Qh2 39. Rd1 Qh6 40.
Qc5 Qh5 41. Qg1 Re6 42. Rc1 Re7 43. Qg2 Nf4 44. Qf2 Kg8 45. Rg1 Nd5 46. Qg3 a5
47. a4 Qe5 48. Qh3 Qe6 49. Qh4 Re8 50. Qh5 Re7 51. Rh1 Qh6 52. Qxh6 gxh6 53.
Rxh6 Rc7 54. Nc5 Nb6 55. Ka2 Kg7 56. Rd6 Kf7 57. Kb3 Ke8 58. f4 1-0

[Event "17MCR_PFB"]
[Site "?"]
[Date "2003.??.??"]
[Round "?"]
[White "Jirk, Ales"]
[Black "Soudny, Jiri"]
[Result "0-1"]
[WhiteElo "2210"]
[BlackElo "2240"]
[PlyCount "50"]
[EventDate "2003.??.??"]
[EventType "corr"]
[EventRounds "1"]
[SourceDate "2005.10.25"]

1. e4 e6 2. d4 d5 3. Nd2 Nf6 4. e5 Nfd7 5. f4 c5 6. c3 Nc6 7. Ndf3 cxd4 8. cxd4
Qb6 9. g3 Be7 10. Bh3 O-O 11. Ne2 f6 12. Rf1 Kh8 13. Rf2 fxe5 14. fxe5 Ndxe5
15. dxe5 Bb4+ 16. Nc3 Nxe5 17. a3 Bc5 18. Rf1 Nxf3+ 19. Rxf3 Bd7 20. Bg4 Rxf3
21. Bxf3 Rf8 22. Qe2 Bd4 23. a4 Bc6 24. Nb5 Bf6 25. Qf2 d4 0-1

[Event "17MCR_PFB"]
[Site "?"]
[Date "2003.??.??"]
[Round "?"]
[White "Pecina, Pavel"]
[Black "Hladecek, Miloslav"]
[Result "0-1"]
[WhiteElo "2210"]
[BlackElo "2240"]
[PlyCount "100"]
[EventDate "2003.??.??"]
[EventType "corr"]
[EventRounds "1"]
[SourceDate "2005.10.25"]

1. e4 c5 2. Nf3 d6 3. d4 cxd4 4. Nxd4 Nf6 5. Nc3 g6 6. Be3 Bg7 7. Be2 Nc6 8.
Nb3 a5 9. a4 O-O 10. f4 Be6 11. g4 h6 12. h4 Nb4 13. Rc1 Rc8 14. Nd4 Rxc3 15.
bxc3 Na2 16. Nxe6 fxe6 17. Qd3 Nxc1 18. Bxc1 Qe8 19. g5 Nh5 20. O-O hxg5 21.
hxg5 Qxa4 22. Bg4 Kf7 23. c4 Qc6 24. e5 dxe5 25. Bf3 Qb6+ 26. Be3 Qd8 27. fxe5
Ng3 28. Qxd8 Rxd8 29. Ra1 Nf5 30. Bb6 Rd2 31. Rxa5 Rxc2 32. Rb5 Rxc4 33. Kf2
Rf4 34. Ke2 Ng3+ 35. Kf2 Nf1 36. Ke2 Rf5 37. Bc7 Ng3+ 38. Ke3 Rxg5 39. Bxb7
Nf5+ 40. Kf2 Rg4 41. Rc5 Rb4 42. Ba6 Bh6 43. Rc3 Bf4 44. Bd3 g5 45. Rc4 Rb3 46.
Be4 g4 47. Ke2 Be3 48. Kf1 Rb2 49. Rc2 Rb4 50. Bd3 Rb3 0-1

[Event "17MCR_PFB"]
[Site "?"]
[Date "2003.??.??"]
[Round "?"]
[White "Dundalek, Josef"]
[Black "Jerabek, Zdenek"]
[Result "1-0"]
[WhiteElo "2200"]
[BlackElo "2255"]
[PlyCount "57"]
[EventDate "2003.??.??"]
[EventType "corr"]
[EventRounds "1"]
[SourceDate "2005.10.25"]

1. d4 Nf6 2. c4 g6 3. Nc3 Bg7 4. e4 d6 5. f3 O-O 6. Be3 e5 7. d5 c6 8. Qd2 cxd5
9. cxd5 a6 10. g4 Nbd7 11. Nge2 b5 12. Ng3 b4 13. Na4 a5 14. h4 Ba6 15. Bxa6
Rxa6 16. h5 Ne8 17. Rc1 Ra8 18. Qh2 g5 19. Nf5 h6 20. Rc6 Kh7 21. Qc2 Qb8 22.
Kf2 Bf6 23. Nb6 Nxb6 24. Rxb6 Qc8 25. Rc1 Qxc2+ 26. Rxc2 Bd8 27. Rb7 Bf6 28.
Rc6 Bh8 29. Ba7 1-0

[Event "17MCR_PFB"]
[Site "?"]
[Date "2003.??.??"]
[Round "?"]
[White "Valenta, Josef"]
[Black "Bares, Jiri"]
[Result "1/2-1/2"]
[WhiteElo "2185"]
[BlackElo "2255"]
[PlyCount "86"]
[EventDate "2003.??.??"]
[EventType "corr"]
[EventRounds "1"]
[SourceDate "2005.10.25"]

1. d4 d5 2. c4 e6 3. cxd5 exd5 4. Nc3 Nf6 5. Bg5 c6 6. e3 Nbd7 7. Bd3 Be7 8.
Nf3 O-O 9. Rc1 Ne4 10. Bxe7 Qxe7 11. O-O Ndf6 12. Ne2 Re8 13. h3 Bf5 14. Ne5
Rac8 15. Nc3 Nxc3 16. bxc3 Bxd3 17. Qxd3 b5 18. Ra1 a6 19. Rfb1 Ne4 20. a4 Nc5
21. dxc5 Qxe5 22. Rb3 Qe7 23. Rba3 Qxc5 24. axb5 axb5 25. Qf5 Rb8 26. Qf4 h6
27. Ra7 Qxc3 28. Qxf7+ Kh8 29. R1a6 Rf8 30. Qg6 Rbc8 31. Rd7 Qf6 32. Qxf6 Rxf6
33. h4 h5 34. Re7 Kh7 35. Kf1 Rcf8 36. f3 Rc8 37. Rb7 Rg6 38. Rbb6 Kh6 39. Rb7
Re8 40. Rc7 Ree6 41. Kf2 Ref6 42. Rc8 Kh7 43. Rc7 Kh6 1/2-1/2

[Event "17MCR_PFB"]
[Site "?"]
[Date "2003.??.??"]
[Round "?"]
[White "Chvojka, Jaroslav"]
[Black "Nejtek, Jiri"]
[Result "1/2-1/2"]
[WhiteElo "2175"]
[BlackElo "2265"]
[PlyCount "73"]
[EventDate "2003.??.??"]
[EventType "corr"]
[EventRounds "1"]
[SourceDate "2005.10.25"]

1. d4 d5 2. Nf3 c6 3. c4 e6 4. Nbd2 f5 5. g3 Nf6 6. Bg2 Bd6 7. O-O Nbd7 8. Qc2
Ne4 9. b3 O-O 10. Bb2 Qf6 11. Rad1 h5 12. a3 a5 13. c5 Bc7 14. Qc1 e5 15. dxe5
Nxe5 16. Nh4 Qh6 17. Nxe4 Qxc1 18. Nf6+ Rxf6 19. Rxc1 g5 20. f4 gxh4 21. Bxe5
Bxe5 22. fxe5 Rg6 23. Rc3 hxg3 24. hxg3 Rg5 25. Rf4 Kf7 26. Bh3 Ke6 27. Re3 a4
28. b4 Bd7 29. Rd4 Rh8 30. Kf2 Rd8 31. Kf3 Rdg8 32. Kf2 Be8 33. Rf4 Bf7 34.
Ref3 Bg6 35. e4 dxe4 36. Rxe4 Rd8 37. Ke2 1/2-1/2

[Event "17MCR_PFB"]
[Site "?"]
[Date "2003.??.??"]
[Round "?"]
[White "Trcka, Vaclav"]
[Black "Svajdler, Frantisek"]
[Result "1-0"]
[WhiteElo "2125"]
[BlackElo "2280"]
[PlyCount "45"]
[EventDate "2003.??.??"]
[EventType "corr"]
[EventRounds "1"]
[SourceDate "2005.10.25"]

1. d4 Nf6 2. c4 e6 3. Nc3 Bb4 4. e3 O-O 5. Bd3 d5 6. Nf3 c5 7. O-O cxd4 8. exd4
dxc4 9. Bxc4 a6 10. Bg5 b5 11. Bd3 Bb7 12. a4 bxa4 13. Rxa4 Be7 14. Qe2 a5 15.
Bxf6 Bxf6 16. Be4 Bxe4 17. Nxe4 Be7 18. Rd1 Nc6 19. Rc4 Qb6 20. Rdc1 Nb4 21. h3
Rad8 22. Nc5 Bf6 23. b3 1-0

[Event "17MCR_PFB"]
[Site "?"]
[Date "2003.??.??"]
[Round "?"]
[White "Vaindl, Jaroslav"]
[Black "Lounek, Jan"]
[Result "0-1"]
[WhiteElo "2325"]
[BlackElo "2320"]
[PlyCount "64"]
[EventDate "2003.??.??"]
[EventType "corr"]
[EventRounds "1"]
[SourceDate "2005.10.25"]

1. e4 c5 2. Nf3 d6 3. d4 cxd4 4. Nxd4 Nf6 5. Nc3 a6 6. f3 e6 7. Be3 b5 8. g4
Nfd7 9. Qd2 Nb6 10. O-O-O Bb7 11. Bd3 N8d7 12. Qf2 Rc8 13. Nce2 Nc5 14. Kb1
Nba4 15. b3 Nxd3 16. cxd3 Nc5 17. Ng3 d5 18. e5 a5 19. f4 b4 20. f5 Ba6 21.
fxe6 fxe6 22. Rhf1 Qd7 23. Qe2 Ne4 24. Bd2 Bc5 25. Nc2 a4 26. Nxb4 axb3 27.
axb3 Nxg3 28. hxg3 Qb7 29. Qe1 Be7 30. Rf4 Rf8 31. Kb2 Rxf4 32. gxf4 Rb8 0-1

[Event "17MCR_PFB"]
[Site "?"]
[Date "2003.??.??"]
[Round "?"]
[White "Svajdler, Frantisek"]
[Black "Vaindl, Jaroslav"]
[Result "1/2-1/2"]
[WhiteElo "2280"]
[BlackElo "2325"]
[PlyCount "36"]
[EventDate "2003.??.??"]
[EventType "corr"]
[EventRounds "1"]
[SourceDate "2005.10.25"]

1. e4 c5 2. c3 Nf6 3. e5 Nd5 4. d4 cxd4 5. Nf3 Nc6 6. cxd4 d6 7. Bc4 Nb6 8. Bb5
dxe5 9. Nxe5 Bd7 10. Nxd7 Qxd7 11. Nc3 e6 12. O-O Rd8 13. Be3 Be7 14. Qg4 O-O
15. Rac1 a6 16. Bxc6 bxc6 17. Rfd1 Bd6 18. Qe2 Ra8 1/2-1/2

[Event "17MCR_PFB"]
[Site "?"]
[Date "2003.??.??"]
[Round "?"]
[White "Nejtek, Jiri"]
[Black "Trcka, Vaclav"]
[Result "1-0"]
[WhiteElo "2265"]
[BlackElo "2125"]
[PlyCount "67"]
[EventDate "2003.??.??"]
[EventType "corr"]
[EventRounds "1"]
[SourceDate "2005.10.25"]

1. e4 c5 2. Nf3 d6 3. d4 cxd4 4. Nxd4 Nf6 5. Nc3 a6 6. Be3 e5 7. Nb3 Be6 8. f3
Nbd7 9. g4 h6 10. Qd2 b5 11. O-O-O Nb6 12. Qf2 Nfd7 13. Kb1 Be7 14. h4 Qc7 15.
Nd5 Bxd5 16. exd5 Nc4 17. Bc1 Qb6 18. Qg3 a5 19. f4 Rc8 20. Re1 a4 21. Nd2 exf4
22. Nxc4 bxc4 23. Qxf4 Ne5 24. Bh3 Rc7 25. g5 h5 26. Bd2 Ng6 27. Qf3 Ne5 28.
Qg3 O-O 29. Bc3 Rb8 30. Rhf1 Bf8 31. g6 Nxg6 32. Re6 Ne7 33. Qf3 Nxd5 34. Qxd5
1-0

[Event "17MCR_PFB"]
[Site "?"]
[Date "2003.??.??"]
[Round "?"]
[White "Bares, Jiri"]
[Black "Chvojka, Jaroslav"]
[Result "1/2-1/2"]
[WhiteElo "2255"]
[BlackElo "2175"]
[PlyCount "126"]
[EventDate "2003.??.??"]
[EventType "corr"]
[EventRounds "1"]
[SourceDate "2005.10.25"]

1. d4 Nf6 2. c4 e6 3. Nc3 Bb4 4. Qc2 d5 5. a3 Bxc3+ 6. Qxc3 Ne4 7. Qc2 Nc6 8.
Nf3 O-O 9. e3 Bd7 10. Bd3 f5 11. b4 dxc4 12. Bxc4 a5 13. bxa5 Nxa5 14. Ba2 Ra6
15. O-O Rc6 16. Qd3 Rb6 17. Rb1 Rxb1 18. Bxb1 Qe8 19. Re1 Bb5 20. Qc2 Nc4 21.
Ba2 Qc6 22. a4 Ba6 23. Bb2 Nxb2 24. Qxb2 Re8 25. Bb3 Re7 26. Rc1 Qd6 27. Ne5
Ng5 28. Bc4 Nf7 29. Bxa6 Qxa6 30. Qb4 Nd6 31. h3 Qa8 32. a5 Qa6 33. Rc5 g6 34.
Rc1 Kg7 35. Rb1 Kf8 36. Qa4 Kg8 37. Qa3 Kf8 38. Rb2 Kg8 39. Rb6 Qa8 40. Rb3 Qa6
41. g4 Re8 42. Qc5 Qe2 43. Qb4 Rf8 44. Rb2 Qd1+ 45. Kh2 f4 46. Qc3 fxe3 47.
Qxe3 Qa1 48. Re2 Qxa5 49. Nd7 Rf7 50. Qxe6 Qb5 51. Nf6+ Kg7 52. Nd5 Nc4 53. Nc3
Qa6 54. Qxa6 bxa6 55. Ra2 Nd6 56. Kg3 Nb5 57. Nxb5 axb5 58. Rc2 Rd7 59. Kf3
Rxd4 60. Rxc7+ Kg8 61. Rb7 b4 62. g5 Rh4 63. Kg3 Re4 1/2-1/2

[Event "17MCR_PFB"]
[Site "?"]
[Date "2003.??.??"]
[Round "?"]
[White "Jerabek, Zdenek"]
[Black "Valenta, Josef"]
[Result "1-0"]
[WhiteElo "2255"]
[BlackElo "2185"]
[PlyCount "75"]
[EventDate "2003.??.??"]
[EventType "corr"]
[EventRounds "1"]
[SourceDate "2005.10.25"]

1. e4 g6 2. d4 Bg7 3. Nc3 d6 4. Be3 c6 5. f4 d5 6. Nf3 Bg4 7. h3 Bxf3 8. Qxf3
dxe4 9. Nxe4 Qa5+ 10. c3 Nd7 11. Bd3 O-O-O 12. b4 Qc7 13. O-O Ngf6 14. b5 Nxe4
15. Bxe4 cxb5 16. Rab1 f5 17. Bd3 a6 18. c4 Kb8 19. cxb5 a5 20. Rfc1 Qd6 21.
Rc6 Qa3 22. d5 Nf6 23. Bc4 Qa4 24. b6 Ne4 25. Rc7 h6 26. Qe2 Nc3 27. Qd3 Nxb1
28. Ba6 Rd7 29. Bb5 Qe4 30. Rxd7 Nc3 31. Qxe4 fxe4 32. Bc4 Bf6 33. f5 g5 34. d6
exd6 35. Rxd6 Rf8 36. Re6 Na4 37. Kh2 Nb2 38. Bc5 1-0

[Event "17MCR_PFB"]
[Site "?"]
[Date "2003.??.??"]
[Round "?"]
[White "Hladecek, Miloslav"]
[Black "Dundalek, Josef"]
[Result "1-0"]
[WhiteElo "2240"]
[BlackElo "2200"]
[PlyCount "84"]
[EventDate "2003.??.??"]
[EventType "corr"]
[EventRounds "1"]
[SourceDate "2005.10.25"]

1. e4 c5 2. Nf3 d6 3. d4 cxd4 4. Nxd4 Nf6 5. Nc3 a6 6. Be2 e6 7. O-O Be7 8. a3
O-O 9. Qd3 Nc6 10. Nxc6 bxc6 11. Qg3 e5 12. f4 Nd7 13. f5 Nf6 14. Bh6 Ne8 15.
Rad1 Rb8 16. Bc4 Rxb2 17. Bb3 Kh8 18. Be3 Nf6 19. Kh1 c5 20. Bc1 Rxb3 21. cxb3
Qb6 22. Rf3 Qxb3 23. Qe1 Ng8 24. Nd5 Qb7 25. Qg3 Bd8 26. Qg4 Bd7 27. Rg3 g6 28.
Qf3 Re8 29. Rh3 Bc8 30. g4 c4 31. f6 Bxg4 32. Qxg4 Bxf6 33. Rd2 Bd8 34. Rb2 Qa7
35. Be3 Qa8 36. Qd7 Re7 37. Qxd6 Bc7 38. Nxc7 Qxe4+ 39. Kg1 Qf5 40. Kg2 Qg4+
41. Rg3 Qc8 42. Nd5 Re6 1-0

[Event "17MCR_PFB"]
[Site "?"]
[Date "2003.??.??"]
[Round "?"]
[White "Soudny, Jiri"]
[Black "Pecina, Pavel"]
[Result "1/2-1/2"]
[WhiteElo "2240"]
[BlackElo "2210"]
[PlyCount "61"]
[EventDate "2003.??.??"]
[EventType "corr"]
[EventRounds "1"]
[SourceDate "2005.10.25"]

1. e4 c5 2. Nf3 Nc6 3. d4 cxd4 4. Nxd4 Nf6 5. Nc3 e5 6. Ndb5 d6 7. Bg5 a6 8.
Na3 b5 9. Bxf6 gxf6 10. Nd5 f5 11. c3 Bg7 12. exf5 Bxf5 13. Nc2 Be6 14. g3 O-O
15. Bg2 f5 16. O-O Rb8 17. Ncb4 Nxb4 18. Nxb4 Rb6 19. Bd5 Bxd5 20. Qxd5+ Kh8
21. a4 bxa4 22. Rxa4 Qc8 23. Rfa1 f4 24. Rxa6 Rxa6 25. Rxa6 f3 26. Qb5 Qh3 27.
Qf1 Qe6 28. Nc2 Qb3 29. Qc1 d5 30. Ra5 e4 31. h3 1/2-1/2

[Event "17MCR_PFB"]
[Site "?"]
[Date "2003.??.??"]
[Round "?"]
[White "Doudera, Lubomir"]
[Black "Jirk, Ales"]
[Result "1/2-1/2"]
[WhiteElo "2235"]
[BlackElo "2210"]
[PlyCount "74"]
[EventDate "2003.??.??"]
[EventType "corr"]
[EventRounds "1"]
[SourceDate "2005.10.25"]

1. e4 e6 2. d4 d5 3. Nc3 Bb4 4. e5 Ne7 5. a3 Bxc3+ 6. bxc3 c5 7. Qg4 O-O 8. Bd3
f5 9. exf6 Rxf6 10. Bg5 Rf7 11. Qh5 g6 12. Qd1 Qa5 13. Bd2 Nbc6 14. Nf3 Qc7 15.
O-O e5 16. Nxe5 Nxe5 17. dxe5 Qxe5 18. Rb1 b6 19. a4 Bd7 20. a5 bxa5 21. c4 a4
22. c3 Rc8 23. Re1 Qf6 24. f3 d4 25. cxd4 Nf5 26. Bc3 Nxd4 27. Be4 Bc6 28. Bxc6
Qxc6 29. Ra1 Nb3 30. Ra2 Rd7 31. Qc2 Rf8 32. h3 a6 33. Qe4 Qxe4 34. Rxe4 Rd3
35. Be1 Rd4 36. Bg3 Rfd8 37. Rxa4 Rxe4 1/2-1/2

[Event "17MCR_PFB"]
[Site "?"]
[Date "2003.??.??"]
[Round "?"]
[White "Kubelka, Martin"]
[Black "Novotny, Petr"]
[Result "1-0"]
[WhiteElo "2225"]
[BlackElo "2220"]
[PlyCount "49"]
[EventDate "2003.??.??"]
[EventType "corr"]
[EventRounds "1"]
[SourceDate "2005.10.25"]

1. d4 Nf6 2. c4 e6 3. Nf3 b6 4. g3 Bb7 5. Bg2 Bb4+ 6. Bd2 Be7 7. O-O O-O 8. Nc3
Ne4 9. d5 Nxd2 10. Qxd2 Bf6 11. Ne4 Na6 12. Nxf6+ Qxf6 13. Rac1 exd5 14. cxd5
Qe7 15. Nd4 c6 16. dxc6 dxc6 17. Bxc6 Bxc6 18. Nxc6 Qe6 19. b4 Rfe8 20. Rfe1
Rac8 21. Nxa7 Rcd8 22. Qb2 Ra8 23. Nb5 Qe5 24. Nd4 Nc5 25. Rcd1 1-0

[Event "17MCR_PFB"]
[Site "?"]
[Date "2003.??.??"]
[Round "?"]
[White "Jirk, Ales"]
[Black "Kubelka, Martin"]
[Result "1-0"]
[WhiteElo "2210"]
[BlackElo "2225"]
[PlyCount "93"]
[EventDate "2003.??.??"]
[EventType "corr"]
[EventRounds "1"]
[SourceDate "2005.10.25"]

1. e4 c5 2. Nf3 d6 3. d4 cxd4 4. Nxd4 Nf6 5. Nc3 a6 6. Be2 e6 7. f4 Be7 8. O-O
Qc7 9. Kh1 O-O 10. a4 Nc6 11. Be3 Re8 12. Bd3 Nb4 13. a5 Bd7 14. Nf3 Rac8 15.
Bb6 Qb8 16. Bd4 Bc6 17. Qd2 Nxd3 18. cxd3 Nd7 19. Qf2 e5 20. Be3 Nf6 21. h3 Nh5
22. Ng5 exf4 23. Bxf4 Bf6 24. Bh2 Qc7 25. Nf3 Qd7 26. Nd4 Bxd4 27. Qxd4 Rcd8
28. Rf3 Qe6 29. Raf1 Rd7 30. Ne2 Qg6 31. b4 Qe6 32. Qb6 Qa2 33. Nd4 Qa4 34. Nf5
d5 35. e5 d4 36. R3f2 Qb3 37. Nxd4 Qxd3 38. Nxc6 Re6 39. Rf3 Qd5 40. b5 axb5
41. Nb4 Qc4 42. Qf2 Qxb4 43. Rxf7 Rf6 44. Rxf6 gxf6 45. Qf5 Qc4 46. Rg1 Rf7 47.
Qxh5 1-0

[Event "17MCR_PFB"]
[Site "?"]
[Date "2003.??.??"]
[Round "?"]
[White "Pecina, Pavel"]
[Black "Doudera, Lubomir"]
[Result "1-0"]
[WhiteElo "2210"]
[BlackElo "2235"]
[PlyCount "119"]
[EventDate "2003.??.??"]
[EventType "corr"]
[EventRounds "1"]
[SourceDate "2005.10.25"]

1. e4 d5 2. exd5 Qxd5 3. Nc3 Qa5 4. Bc4 Nf6 5. d3 c6 6. Nge2 b5 7. Bb3 Nbd7 8.
O-O b4 9. Ne4 Nxe4 10. dxe4 e6 11. Re1 h5 12. Nd4 Ne5 13. f4 Ng4 14. h3 e5 15.
fxe5 Qxe5 16. hxg4 hxg4 17. Qd3 Bc5 18. Be3 Be6 19. Bxe6 fxe6 20. Qc4 Bxd4 21.
Bxd4 Qh2+ 22. Kf2 O-O+ 23. Ke3 Qg3+ 24. Kd2 Rad8 25. Qxe6+ Rf7 26. c3 Qxg2+ 27.
Re2 Qf3 28. Qxc6 bxc3+ 29. bxc3 Rb8 30. Re3 Qf2+ 31. Kd3 g3 32. Qd6 Rb2 33.
Qd8+ Rf8 34. Qd5+ Rf7 35. Qa8+ Rf8 36. Qxa7 Qc2+ 37. Kc4 Rc8+ 38. Kd5 Rb5+ 39.
Kd6 Rd8+ 40. Kc6 Rg5 41. Rf1 Rg6+ 42. Kc5 Rc8+ 43. Kd5 Rd8+ 44. Kc4 Rc8+ 45.
Bc5 Qh2 46. Qf7+ Kh7 47. Qf5 Qxa2+ 48. Kd3 Rd8+ 49. Bd4 Qa6+ 50. Kd2 Qa2+ 51.
Ke1 Qa1+ 52. Ke2 Qa6+ 53. Rd3 g2 54. Qh3+ Kg8 55. Rg1 Qb7 56. Qf5 Qa6 57. Qe5
Qc4 58. Ke3 Qc8 59. Kf2 Rf8+ 60. Rf3 1-0